| 000 | 00665nam a22001937a 4500 | ||
|---|---|---|---|
| 999 |
_c181857 _d181857 |
||
| 005 | 20221018103206.0 | ||
| 010 | _aB-746005 | ||
| 020 |
_a9788195021758 _c270.00 |
||
| 035 | _aB-746005 | ||
| 037 | _bSahitya Akademi | ||
| 082 | _a891.4 | ||
| 245 |
_aLiterary criticism in India: _btexts, trends and trajectories / _cedited by E.V. Ramakrishnan |
||
| 260 |
_aNew Delhi _bSahitya Akademi _c2021 |
||
| 270 |
_aRabindra Bhavan, 35 Ferozshah Road _bNew Delhi _e110001 |
||
| 300 |
_axxv, 266p. _c22cm(pbk) |
||
| 700 | _aRamakrishnan, E.V. | ||
| 942 |
_2ddc _cEN _mLIT _h891.4 |
||